000 00553nam a2200181Ia 4500
008 090123s9999 xx 000 0 und d
082 _b20320
_a891.463/वाळि
100 _aवाळिंबे शरदचंद्र
245 _aभरारी
250 _a1
260 _bआशिष प्रकाशन
_c1989
300 _a144
600 _aवाळिंबे शरदचंद्र
630 _aभरारी
700 _aवाळिंबे शरदचंद्र
730 _aभरारी
942 _cBOOK
999 _c58392
_d58392